Statistics for Biggest Metropolitan Cities in Russia

Click here to take the quiz!

General Stats

  • This quiz has been taken 56 times
  • The average score is 13 of 16

Answer Stats

Population (2024)City% Correct
21,596,000Moscow
100%
5,602,000Saint Petersburg
100%
1,539,000Yekaterinburg
90%
1,315,000Kazan
88%
1,213,000Nizhny Novgorod
84%
1,635,000Novosibirsk
84%
1,158,000Ufa
84%
1,136,000Rostov-on-Don
82%
1,111,000Omsk
80%
1,027,000Perm
80%
1,025,000Volgograd
80%
1,163,000Samara
76%
1,121,000Krasnodar
69%
1,182,000Chelyabinsk
67%
1,197,000Krasnoyarsk
63%
1,052,000Voronezh
63%

Score Distribution

Percentile by Number Answered

Percent of People with Each Score

Your Score History

You have not taken this quiz